00970nam a2200265 a 450000100060000000300080000600500170001400800410003103500190007204000360009104100080012708200240013510000620015924500930022125000330031426000320034730000310037950400510041065000380046165000270049965000430052665000500056965000180061970000670063756150BD-RjUL20211209080347.0161127r19671961enka b 001 0 eng  a(BD-RjUL)56274 aDLCcFMdWaUdDLCdBD-RjULbeng aeng 223a632.4bMUF 19671 aMundkur, B. B.q(Balachandra Bhavanishankar),d1896-1952.10aFungi and plant disease /cby B.B. Mundkur ; Revised and Enlarged by S. B. Chattopadhyay a2nd. ed. Revied and enlerged aLondon :bMacmillan,c1967  ax, 348 p :bill. ;c23 cm. aIncludes bibliographical references and index. 0aFungal diseases of plantszIndia. 0aPlant diseaseszIndia. 0aPlant diseaseszIndiaxIdentification. 0aPhytopathogenic fungizIndiaxIdentification. 0aFungizIndia. a Chattopadhyay, S. B. (Sudhansu Bhusan ), Reviser and Enlarger